000 00767nam a2200205 i 4500
001 95360
003 ES-MaACL
005 20250822063141.0
007 t|
008 050526s1950 sp ||||1| spa d
100 1 _aLladonosa i Pujol, Josep,
_d1907-1990
_972657
245 1 0 _aManuel de Montsuar (1410-1491) /
_cJosé Lladonosa Pujol; prólogo del Dr. J. Ernesto Martínez Ferrando...
260 _aLérida :
_bInstituto de Estudios Ilerdenses,
_c1950.
300 _aLVI, 323 p., 3 h., 7 lám. :
_bil. ;
_c24 cm.
600 1 4 _aMontsuar, Manuel de (
_d1410-1491)
_9168305
700 1 _aMartínez Ferrando, Ernest,
_d1891-1965
_978083
710 2 _aInstituto de Estudios Ilerdenses.
_94911
852 _aES-MaACL
_jC-6390
_bR.33060
999 _c95360
_d95360